000 00865nam a2200253Ia 4500
003 OSt
005 20221005111233.0
006 a|||||r|||| 00| 0
007 ta
008 221004b |||||||| |||| 00| 0 hin d
020 _a8181430980 (hbk)
_c300
024 _a97684
037 _b572, 23/03/2009, Vani Prakashan
_cTextual
040 _aCRL
_cCRL
_bhin
041 _2hin
_ahin
082 _aO152,8N24w, P4
100 _aजैन, कान्ति कुमार
245 0 _aतुम्हारा परसाई
246 _aTumhārā parasāī
260 _aनई दिल्ली
_bवाणी प्रकाशन भारत
_c2004
300 _a334पृ0
_ccm.
942 _hO152,8N24w, P4
_cTEXL
_2cc
999 _c1021227
_d1021227